| 000 | 01058nam a2200193 4500 | ||
|---|---|---|---|
| 005 | 20260427125136.0 | ||
| 008 | 260313b |||||||| |||| 00| 0 eng d | ||
| 020 | _a9781119167587 | ||
| 037 | _cTextual | ||
| 040 |
_aRTL _cRTL |
||
| 084 |
_qRTL _aYv Q7 |
||
| 100 | _aSeidman, Steven | ||
| 245 | _aContested knowledge: Social theory today | ||
| 250 | _a6th | ||
| 260 |
_aMalden, USA _bJohn Wiley & Sons, Ltd. _c2017 |
||
| 300 |
_aix, 352 p. _bIncludes bibliographical reference and index |
||
| 520 | _aIn the sixth edition of Contested Knowledge, social theorist Steven Seidman presents the latest topics in social theory and addresses the current shift of 'universalist theorists' to networks of clustered debates. Responds to current issues, debates, and new social movements Reviews sociological theory from a contemporary perspective Reveals how the universal theorist and the era of rival schools has been replaced by networks of clustered debates that are relatively 'autonomous' and interdisciplinary | ||
| 942 |
_2CC _n0 _cTB _hYv Q7 |
||
| 999 |
_c1715366 _d1715366 |
||